Cataloguing : (Record no. 123445)
[ view plain ]
| 000 -LEADER | |
|---|---|
| fixed length control field | 00866nam a22002657a 4500 |
| 005 - DATE AND TIME OF LATEST TRANSACTION | |
| control field | 20170124105925.0 |
| 010 ## - LIBRARY OF CONGRESS CONTROL NUMBER | |
| LC control number | A-226912 |
| 020 ## - INTERNATIONAL STANDARD BOOK NUMBER | |
| Terms of availability | 00.00 |
| 035 ## - SYSTEM CONTROL NUMBER | |
| System control number | A-226912 |
| 037 ## - SOURCE OF ACQUISITION | |
| Source of stock number/acquisition | Cen Lib/Ret |
| 040 ## - CATALOGING SOURCE | |
| Original cataloging agency | DPL |
| Language of cataloging | EN |
| 082 ## - DEWEY DECIMAL CLASSIFICATION NUMBER | |
| Classification number | 025.3 |
| Item number | VIS |
| 100 ## - MAIN ENTRY--PERSONAL NAME | |
| Personal name | Viswanathan, C. G. |
| 9 (RLIN) | 73956 |
| 245 ## - TITLE STATEMENT | |
| Title | Cataloguing : |
| Statement of responsibility, etc | by C. G. Viswanathan |
| Remainder of title | theory and practice / |
| 250 ## - EDITION STATEMENT | |
| Edition statement | rev. enl. 5th ed |
| 260 ## - PUBLICATION, DISTRIBUTION, ETC. (IMPRINT) | |
| Place of publication, distribution, etc | U.P. |
| Name of publisher, distributor, etc | Print House |
| Date of publication, distribution, etc | 1983 |
| 270 ## - ADDRESS | |
| Address | 5, Tej Bahadur Sapru Marg |
| City | Lucknow, U. P. |
| 300 ## - PHYSICAL DESCRIPTION | |
| Extent | xxi,444p. |
| Dimensions | 21cm(Hb) |
| 500 ## - GENERAL NOTE | |
| General note | Includes index |
| 650 ## - SUBJECT ADDED ENTRY--TOPICAL TERM | |
| Topical term or geographic name as entry element | Library science |
| 9 (RLIN) | 73957 |
| 650 ## - SUBJECT ADDED ENTRY--TOPICAL TERM | |
| Topical term or geographic name as entry element | Technical services (Libraries) |
| 9 (RLIN) | 6143 |
| 650 ## - SUBJECT ADDED ENTRY--TOPICAL TERM | |
| Topical term or geographic name as entry element | पुस्तकालय विज्ञान |
| 9 (RLIN) | 73958 |
| 650 ## - SUBJECT ADDED ENTRY--TOPICAL TERM | |
| Topical term or geographic name as entry element | तकनीकी सेवाएं (पुस्तकालय) |
| 9 (RLIN) | 6145 |
| 942 ## - ADDED ENTRY ELEMENTS (KOHA) | |
| Source of classification or shelving scheme | Dewey Decimal Classification |
| Koha item type | English Books |
| Classification part | 025.3 |
| Call number suffix | VIS |
| Withdrawn status | Lost status | Damaged status | Not for loan | Collection code | Home library | Current library | Date acquired | Source of acquisition | Cost, normal purchase price | Total Checkouts | Full call number | Barcode | Date last seen | Copy number | Cost, replacement price | Price effective from | Koha item type |
|---|---|---|---|---|---|---|---|---|---|---|---|---|---|---|---|---|---|
| Not For Loan | Reference | Central Library | Central Library | 06/06/2015 | Cen Lib/Ret | 0.00 | 025.3 VIS | A-226912 | 06/06/2015 | 1 | 0.00 | 06/06/2015 | English Books |
